European Country Anagrams Quiz - Statistics

General Stats
  • This quiz has been taken 2,082 times
  • The average score is 23 of 40
Answer Stats
Anagram Country % Correct
Pains Spain
98%
A malt Malta
88%
Dark men Denmark
87%
Rec gee Greece
86%
Can ref France
81%
Ray now Norway
80%
Laity Italy
79%
USA sir Russia
73%
Den sew Sweden
73%
Land fin Finland
72%
At vial Latvia
68%
And lice Iceland
67%
My range Germany
66%
A bug rail Bulgaria
62%
Hay rung Hungary
59%
Ova mold Moldova
59%
Nod pal Poland
57%
OK voos Kosovo
56%
Mao con Monaco
55%
Glue rum box Luxembourg
53%
Tzar swindle Switzerland
51%
Air nuke Ukraine
51%
Polar tug Portugal
50%
I, a banal Albania
49%
Vial oaks Slovakia
47%
Real bus Belarus
46%
Rib sea Serbia
46%
Ciao, rat Croatia
45%
A ram ion Romania
45%
Alive son Slovenia
45%
Lime bug Belgium
44%
A comedian Macedonia
41%
Lenient ethics Liechtenstein
40%
Haiti ulna Lithuania
39%
Gnome toner Montenegro
36%
No radar Andorra
34%
Into sea Estonia
34%
Tiara us Austria
33%
Real din Ireland
32%
Stern handle Netherlands
32%
No matching quizzes found
Score Distribution
Percent of People with Each Score
Percentile by Number Answered
Your Score History
You have not taken this quiz